00412nam a2200145 a 450000100060000000300090000600800410001504000280005608200190008411000370010324500330014026000550017330000060022865000320023413609CO-ViMGA141112s2004 ck r 000 u spa d aCO-ViMGAbspacCO-ViMGA a398.0986 C656f aColombia. Ministerio de Gobierno10aFolclor indigena de Colombia aLomalinda. Instituto Linguistico de Verano, c1974 a114aFOLCLOR INDIGENA - COLOMBIA